| 000 -LEADER |
| fixed length control field |
00377nam a22001457a 4500 |
| 003 - CONTROL NUMBER IDENTIFIER |
| control field |
OSt |
| 005 - DATE AND TIME OF LATEST TRANSACTION |
| control field |
20200615110533.0 |
| 008 - FIXED-LENGTH DATA ELEMENTS--GENERAL INFORMATION |
| fixed length control field |
200615b ||||| |||| 00| 0 eng d |
| 020 ## - INTERNATIONAL STANDARD BOOK NUMBER |
| International Standard Book Number |
9787561156964 |
| 082 ## - DEWEY DECIMAL CLASSIFICATION NUMBER |
| Classification number |
301 |
| Item number |
BEN |
| 100 ## - MAIN ENTRY--PERSONAL NAME |
| Personal name |
BEN SHE,YI MING |
| 245 ## - TITLE STATEMENT |
| Title |
City Space Landscape Design/ |
| Remainder of title |
landscape and Architecture Design Series |
| 250 ## - EDITION STATEMENT |
| Edition statement |
Chinese Edition |
| 942 ## - ADDED ENTRY ELEMENTS (KOHA) |
| Source of classification or shelving scheme |
|